000 00730nam a2200241 a 4500
008
020 _a0582238692 (pbk.)
049 _aMAIN
090 _aTA462
_bTRE
100 1 _aTrethewey, Kenneth R.
245 1 0 _aCorrosion for science and engineering /
_cKenneth R. Trethewey, John Chamberlain.
250 _a2nd ed.
260 _aHarlow, England :
_bLongman,
_c1995.
300 _axiv, 466 p. :
_bill. ;
_c24 cm.
504 _aIncludes bibliographical references.
650 0 _aCorrosion and anti-corrosives.
700 1 _aChamberlain, John.
907 _a.b10026393
_b12-03-12
_c17-04-03
003
005 20230123133550.0
040 _cNUST
942 _cBOOKS
_kTA462
_mTRE
999 _c150816
_d150816